00803cam a22002411 4500001001300000003000400013005001700017008004100034010001700075035002000092040002200112042001200134050002200146100002400168245013800192260008700330300002600417490002400443500004200467500001500509700002000524999001700544he 65000605 DLC20260227111430.0840125s1964 nyua j 000 0 hebr  ahe 65000605  a(OCoLC)19146462 aDLCcMHdTxUdDLC apremarc00aPZ90.H3bI47 19641 aIndelman, Elchanan.13aha-Otsar ba-meʻarah /cMeʻubad ʻal yede Elḥanan Idelman, ʻal pi ha-maḥazeh me-et Mikhaʼel Almaz. Metsuyar be-yad Lili Kesel. aNyu-York,bṾaʻadat ha-ḥinukh ʻal yad Bate ha-keneset ha-meʼuḥadimc[1964] a46 p.billus.c24 cm.0 aSifriyah ʻoneg,v5 aAdded t.p.: The treasure in the cave. aVocalized.1 aAlmaz, Michael. c31074d31074